| 000 | 01045nam a2200301 a 4500 | ||
|---|---|---|---|
| 003 | CO-ViMGA | ||
| 005 | 20230915233129.0 | ||
| 008 | 140922s2013 sp a jr 000 0dspa d | ||
| 020 | _a9789588787541 | ||
| 040 |
_aCO-ViMGA _bspa _cCO-ViMGA |
||
| 041 | 1 | _hita | |
| 090 | _aC SILF | ||
| 100 | 1 | 0 |
_aSilei, Fabrizio _d1967- _923625 |
| 245 | 1 | 0 |
_aFuera de juego _cFabrizio Silei, Maurizio A.C. Quarello ; traducido del italiano por Celia Filipetto. |
| 250 | _aEdicin̤ especial | ||
| 260 |
_aBogotá _bEdiciones Monserrate _c2015 |
||
| 300 |
_a[40] pg̀inas _bilustraciones _c29 cm |
||
| 490 | _aLeer es mi cuento | ||
| 534 | _tFugorigioco | ||
| 650 | 1 | 4 |
_aCuentos infantiles italianos _2LEMB _982 |
| 650 | 1 | 4 |
_aFutbol en la literatura _2LEMB _940290 |
| 650 | 1 | 4 |
_aFutbolistas en la literatura _2LEMB _924724 |
| 650 | 1 | 4 |
_aLibros ilustrados para niños _2LEMB _987 |
| 650 | 1 | 4 |
_aLiteratura infantil italiana _2LEMB _98412 |
| 700 | 1 | 0 |
_aFilipetto, Celia _d1951- _etraductor _940291 |
| 700 | 1 | 0 |
_aQuarello, Maurizio A. C. _923628 |
| 942 |
_2ddc _cBK |
||
| 999 |
_c4055 _d4055 |
||